[Event "Tarragona-ch Seniors"]
[Site "Cambrils"]
[Date "2020.03.05"]
[Round "7.7"]
[White "Recasens Font, Juan M"]
[Black "Ferrer Dalmau, Josep Antonio"]
[Result "1-0"]
[WhiteElo "1791"]
[BlackElo "1718"]
[PlyCount "71"]
[EventDate "2020.01.23"]
[EventType "swiss"]
[EventRounds "8"]
[EventCountry "ESP"]
[SourceTitle "EXT 2024"]
[Source "ChessBase"]
[SourceDate "2023.10.10"]
[SourceVersion "1"]
[SourceVersionDate "2023.10.10"]
[SourceQuality "1"]

1. Nf3 Nf6 2. Nc3 c5 3. d4 cxd4 4. Nxd4 e6 5. e4 Bb4 6. Bd3 a6 7. 0-0 Nc6 8. Nf3 Qc7 9. Bg5 Be7 10. Re1 0-0 11. Qd2 d6 12. Rad1 b5 13. a3 Bb7 14. Bf4 Rad8 15. h3 e5 16. Be3 Nd7 17. Nd5 Qb8 18. b4 Nf6 19. Bb6 Rd7 20. Nxe7+ Nxe7 21. Ba5 Nc6 22. Bb6 d5 23. exd5 Nxd5 24. Bc5 Re8 25. Qg5 h6 26. Qf5 Nf6 27. Be3 e4 28. Bxh6 exd3 29. Bxg7 Rxe1+ 30. Rxe1 Kxg7 31. Qg5+ Kh7 32. Qxf6 Qd8 33. Ng5+ Kg8 34. Qf5 f6 35. Qg6+ Kf8 36. Ne6+ 1-0

[Event "Tarragona-ch Seniors"]
[Site "Cambrils"]
[Date "2020.02.13"]
[Round "4.10"]
[White "Alasa Maduell, Josep M"]
[Black "Recasens Font, Juan M"]
[Result "1-0"]
[WhiteElo "1653"]
[BlackElo "1791"]
[PlyCount "51"]
[EventDate "2020.01.23"]
[EventType "swiss"]
[EventRounds "8"]
[EventCountry "ESP"]
[SourceTitle "EXT 2024"]
[Source "ChessBase"]
[SourceDate "2023.10.10"]
[SourceVersion "1"]
[SourceVersionDate "2023.10.10"]
[SourceQuality "1"]

1. e4 e5 2. Nf3 Nc6 3. Bc4 Be7 4. d4 exd4 5. Nxd4 Nxd4 6. Qxd4 Bf6 7. e5 Be7 8. 0-0 b6 9. Qd5 Nh6 10. Bxh6 0-0 11. Bxg7 Kxg7 12. Qxa8 c6 13. Qxa7 d5 14. Bd3 Bc5 15. Qa4 Qg5 16. h4 Qxe5 17. Nc3 b5 18. Qb3 Be6 19. Rae1 Qg3 20. Ne2 Qxh4 21. Qc3+ f6 22. Qxc5 Rg8 23. Qe7+ Bf7 24. g3 Qh6 25. Nf4 Re8 26. Qd7 1-0

[Event "Tarragona Province-ch Seniors"]
[Site "Salou"]
[Date "2014.02.20"]
[Round "4"]
[White "Pellicero Beltran, Julio L"]
[Black "Recasens Font, Juan M"]
[Result "1-0"]
[WhiteElo "1814"]
[BlackElo "2051"]
[PlyCount "85"]
[EventDate "2014.01.30"]
[EventType "swiss"]
[EventRounds "8"]
[EventCountry "ESP"]
[SourceTitle "EXT 2024"]
[Source "ChessBase"]
[SourceDate "2023.10.10"]
[SourceVersion "1"]
[SourceVersionDate "2023.10.10"]
[SourceQuality "1"]

1. e4 c5 2. Nf3 Nc6 3. c3 d6 4. d4 cxd4 5. cxd4 Nf6 6. Nc3 e6 7. Bg5 Be7 8. Bd3 a6 9. 0-0 h6 10. Be3 Bd7 11. h3 Rc8 12. e5 dxe5 13. dxe5 Nd5 14. Nxd5 exd5 15. Re1 Be6 16. Qe2 Nb4 17. Bb1 Qd7 18. a3 Nc6 19. b4 Na7 20. Bxa7 Bxh3 21. gxh3 Qxh3 22. Nh2 Rc4 23. Qf3 Qe6 24. Bf5 Qc6 25. Be3 0-0 26. Rac1 Qb5 27. Bd3 Rfc8 28. Bxc4 dxc4 29. Qe4 c3 30. Bd4 Bg5 31. Rxc3 Re8 32. f4 Bh4 33. Re2 f5 34. Qd3 Qd7 35. Bc5 Qa4 36. Qc2 Qc6 37. Bd6 Qd5 38. Rc5 Qd4+ 39. Kh1 Qxf4 40. Rc4 Qg5 41. Rg2 Qh5 42. Qe2 Qf7 43. Rxh4 1-0